00464nam a2200133Ia 4500008004100000020001500041050002100056100003300077245007600110260005300186300001800239500006400257650000900321120626s2006 mx 000 0 spa d a9688177806 aTD388bF673 2006 aComisiòn nacional del agua aSynthesis of the 4th World Water Forumc / Comisión Nacional del Agua aMéxicob: Comisión Nacional del Aguac, 2006 a131 páginas aEs la sintésiss del foro del agua, se encuentra en ingles 0aAGUA